A guide to the collision avoidance rules : International Regulations for Preventing Collisions at Sea (Record no. 11796)

000 -LEADER
fixed length control field 00554nam a22001817a 4500
008 - FIXED-LENGTH DATA ELEMENTS--GENERAL INFORMATION
fixed length control field 210107b ||||| |||| 00| 0 eng d
020 ## - INTERNATIONAL STANDARD BOOK NUMBER
International Standard Book Number 9780750661799
082 ## - DEWEY DECIMAL CLASSIFICATION NUMBER
Classification number 623.8884
Item number COC
100 ## - MAIN ENTRY--PERSONAL NAME
Personal name Cockcroft, A. N.
245 ## - TITLE STATEMENT
Title A guide to the collision avoidance rules : International Regulations for Preventing Collisions at Sea
250 ## - EDITION STATEMENT
Edition statement 6th Ed.
260 ## - PUBLICATION, DISTRIBUTION, ETC. (IMPRINT)
Place of publication, distribution, etc Haryana
Name of publisher, distributor, etc Butterworth-heinemann
Date of publication, distribution, etc 2010
300 ## - PHYSICAL DESCRIPTION
Extent 00
650 ## - SUBJECT ADDED ENTRY--TOPICAL TERM
Topical term or geographic name as entry element Rule of the road at sea
650 ## - SUBJECT ADDED ENTRY--TOPICAL TERM
Topical term or geographic name as entry element Collisions at sea--Prevention
650 ## - SUBJECT ADDED ENTRY--TOPICAL TERM
Topical term or geographic name as entry element Collisions at sea
942 ## - ADDED ENTRY ELEMENTS (KOHA)
Item type Books
Holdings
Withdrawn status Lost status Source of classification or shelving scheme Damaged status Not for loan Collection code Permanent location Current location Shelving location Date acquired Total Checkouts Total Renewals Full call number Barcode Date last seen Date last borrowed Koha item type Public note
          Non-fiction IMU-MPC Library IMU-MPC Library General Stacks 2021-01-07 3 6 623.8884 COC LBS13294 2023-09-14 2023-01-24 Books Column-3
Copyright © 2021 Indian Maritime University, Mumbai Port Campus. All Rights Reserved. Managed & Maintained by Central Library, IMU-Mumbai

webs counters

Powered by Koha